Концепция топливного цикла на основе оксида урана с добавками эрбия в реакторах LWR; Атомная техника за рубежом; № 5

Մատենագիտական մանրամասներ
Parent link:Атомная техника за рубежом: научно-технический журнал/ Росатом; Государственная корпорация по атомной энергии; Ядерное общество России (ЯОР).— , 1957-.— 0320-9326
№ 5.— 2003.— С. 20-26
Հիմնական հեղինակ: Барчевшев В.
Այլ հեղինակներ: Артищюк В. И. (переводчик), Нинокаба Х., Бронников В. А.
Լեզու:ռուսերեն
Հրապարակվել է: 2003
Շարք:переводы
Խորագրեր:
Ձևաչափ: MixedMaterials Գրքի գլուխ
KOHA link:https://koha.lib.tpu.ru/cgi-bin/koha/opac-detail.pl?biblionumber=386857

MARC

LEADER 00000naa2a2200000 4500
001 386857
005 20231101063525.0
035 |a (RuTPU)RU\TPU\prd\16029 
090 |a 386857 
100 |a 20030707a2003 k y0rusy50 ca 
101 0 |a rus 
102 |a RU 
200 1 |a Концепция топливного цикла на основе оксида урана с добавками эрбия в реакторах LWR  |f В. Барчевшев, В. И. Артищюк, Х. Нинокаба  |g Пер. В. А. Бронников 
225 1 |a переводы 
461 1 |0 (RuTPU)RU\TPU\prd\1300  |x 0320-9326  |t Атомная техника за рубежом  |o научно-технический журнал  |f Росатом; Государственная корпорация по атомной энергии; Ядерное общество России (ЯОР)  |d 1957- 
463 1 |0 (RuTPU)RU\TPU\prd\15767  |t № 5  |v С. 20-26  |d 2003 
610 1 |a оксид эрбия 
610 1 |a выгорающий поглотитель 
610 1 |a реактор PWR 
610 1 |a реакторы канального типа 
610 1 |a высокое выгорание 
610 1 |a ядерные материаля 
610 1 |a защита 
610 1 |a топливный цикл 
675 |a 621.039.543  |v 3 
700 1 |a Барчевшев  |b В. 
701 1 |a Артищюк  |b В. И. 
701 1 |a Нинокаба  |b Х. 
702 1 |a Бронников  |b В. А.  |4 730 
801 1 |a RU  |b 63413507  |c 20030707  |g PSBO 
801 2 |a RU  |b 63413507  |c 20120420  |g RCR 
942 |c BK